| 000 | 00368nam a22001457a 4500 | ||
|---|---|---|---|
| 999 |
_c193084 _d193084 |
||
| 008 | 221014b ||||| |||| 00| 0 eng d | ||
| 082 | _aRAJ | ||
| 100 | _aRAJKUMARI,SHANKER | ||
| 245 |
_aTHE STORIES OF GANDHI _hENGLISH |
||
| 260 |
_aNEW DELHI _bA.I.C.B |
||
| 270 | _aA.I.C.B,ROHINI NEW DELHI | ||
| 300 |
_a. _b. _c12X13 |
||
| 490 | _v1 | ||
| 942 |
_2ddc _cBRLEN _kS _mRAJ |
||